| 000 | 00822cam a22002175a 4500 | ||
|---|---|---|---|
| 003 | OSt | ||
| 005 | 20150823134457.0 | ||
| 008 | 110614t1944 ua frb 000 0 ara d | ||
| 040 |
_aEG-ScBUE _bara _dEG-ScBUE |
||
| 082 | 0 | 4 |
_a189.3 _bا ل ر _222 |
| 100 | 1 |
_aعبد الرازق، مصطفى _925213 |
|
| 245 | 1 | 0 |
_aتمهيد لتاريخ الفلسفة الإسلامية / _cمصطفى عبد الرازق |
| 260 |
_aالقاهرة : _bمطبعة لجنة التأليف و الترجمة و النشر ، _c1944. |
||
| 300 |
_a359 ص. _c24 سم. |
||
| 504 | _aيشتمل على ارجاعات ببليوجرافية. | ||
| 590 | _amostafa el helaly doaa mohamed | ||
| 650 |
_98794 _aالفلسفة الإسلامية _2BUEsh |
||
| 651 | _2BUEsh | ||
| 653 |
_cAugust2015 _bARALIT |
||
| 942 |
_2ddc _cBB _k189.3 ا ل ر |
||
| 999 |
_c15591 _d15591 |
||